000 00840nam a22001817a 4500
999 _c80702
_d80702
008 201130b ||||| |||| 00| 0 eng d
040 _bger
_cSTAFF
_erda
_aSTAFF
041 _ager
100 _aGutke, Thomas:
245 _aSchnelltestpflicht für Kita-Beschäftigte.
_bPandemie: In Kindertagesstätten müssen Erzieherinnen und Erzieher ab kommenden Mittwoch zweimal in der Woche einen Antigen-Schnelltest durchführen. Auch stichprobenartige Corona-Tests für Kinder sind geplant, jedoch auf freiwilliger Basis /
_cThomas Gutke
653 _aFrankfurt (Oder)
653 _aPandemie / Covid 19
773 _dFrankfurt (Oder): Märkisches Verlags- und Druckhaus GmbH & Co KG
_g32. Jahrgang (2021) Nr. 35 vom 11.02.2021, S. 13
_tMärkische Oderzeitung
942 _cA